|
|
|
|
| LEADER |
00948nta a2200217 i 4500 |
| 001 |
dokt69 |
| 005 |
20200210093538.0 |
| 008 |
100514s2003 hu om 0|| hun d |
| 024 |
7 |
|
|a 153631
|2 mtmt
|
| 040 |
|
|
|a SZTE Doktori Repozitórium
|b hun
|
| 041 |
|
|
|a hun
|
| 100 |
1 |
|
|a Pálfalvi László
|
| 245 |
1 |
2 |
|a A LiNbO3 nemlineáris optikai tulajdonságainak vizsgálata Z-scan módszerrel
|h [elektronikus dokumentum] /
|c Pálfalvi László
|
| 246 |
1 |
0 |
|a Z-scan study of the nonlinear optical properties of LiNbO3
|h [elektronikus dokumentum]
|
| 260 |
|
|
|c 2003
|
| 502 |
|
|
|a Disszertacio
|
| 650 |
|
4 |
|a fizikai tudományok
|
| 700 |
1 |
|
|a Hebling János
|e ths
|
| 856 |
4 |
0 |
|u https://doktori.bibl.u-szeged.hu/id/eprint/69/3/de_1039.pdf
|z Dokumentum-elérés
|
| 856 |
4 |
0 |
|u https://doktori.bibl.u-szeged.hu/id/eprint/69/10/2003_palfalvi_istvan_tezis_hun.pdf
|z Dokumentum-elérés
|
| 856 |
4 |
0 |
|u https://doktori.bibl.u-szeged.hu/id/eprint/69/2/tz_en1039.pdf
|z Dokumentum-elérés
|